[Event "Samara Region-ch (Women)"]
[Site "Samara"]
[Date "2013.12.22"]
[Round "7"]
[White "Makarova, Darya"]
[Black "Gutkovich, Polina"]
[Result "1-0"]
[WhiteElo "1779"]
[BlackElo "1595"]
[PlyCount "61"]
[EventDate "2013.12.16"]
[EventType "tourn"]
[EventRounds "9"]
[EventCountry "RUS"]
[EventCategory "1"]
[SourceTitle "CBM 158 Extra"]
[Source "ChessBase"]
[SourceDate "2014.02.28"]
[SourceVersion "1"]
[SourceVersionDate "2014.02.28"]
[SourceQuality "1"]

1. d4 d5 2. Nf3 Nf6 3. e3 e6 4. Bd3 Be7 5. Nbd2 0-0 6. 0-0 c5 7. b3 b6 8. Bb2 Bb7 9. c4 Nc6 10. Rc1 Rc8 11. Qe2 cxd4 12. exd4 Re8 13. Rfd1 Nd7 14. Ne5 Ncxe5 15. dxe5 Nc5 16. Bb1 Rc7 17. Nf3 Bg5 18. Nxg5 Qxg5 19. Rc3 Ne4 20. Rh3 h6 21. Rh5 Qe7 22. Qg4 Ng5 23. h4 Ne4 24. Rxh6 Qc5 25. Bd4 Qb4 26. f3 Nc5 27. Rh7 g6 28. Bxg6 Kf8 29. Bh5 dxc4 30. Qg7+ Ke7 31. Qxf7+ 1-0

[Event "Samara Region-ch (Women)"]
[Site "Samara"]
[Date "2013.12.21"]
[Round "6"]
[White "Alieva, Viktoria"]
[Black "Makarova, Darya"]
[Result "0-1"]
[WhiteElo "1510"]
[BlackElo "1779"]
[PlyCount "114"]
[EventDate "2013.12.16"]
[EventType "tourn"]
[EventRounds "9"]
[EventCountry "RUS"]
[EventCategory "1"]
[SourceTitle "CBM 158 Extra"]
[Source "ChessBase"]
[SourceDate "2014.02.28"]
[SourceVersion "1"]
[SourceVersionDate "2014.02.28"]
[SourceQuality "1"]

1. e4 e5 2. Nf3 Nc6 3. d4 exd4 4. Nxd4 Bc5 5. Nxc6 Qf6 6. Qf3 Qxc6 7. Bd3 Nf6 8. Nc3 Bb4 9. Bd2 0-0 10. 0-0 Re8 11. Rfe1 a6 12. a3 Bc5 13. Nd5 Bd4 14. Nb4 Qe6 15. c3 Be5 16. Bf4 c6 17. Re2 d6 18. Rae1 Qe7 19. h3 h6 20. Qe3 Bxf4 21. Qxf4 Nh5 22. Qh2 Qg5 23. Re3 Qe5 24. Qxe5 dxe5 25. Bc4 a5 26. Nc2 b5 27. Ba2 Rd8 28. Kf1 Nf4 29. Rc1 Ra7 30. h4 Be6 31. Bxe6 Nxe6 32. Ne1 Rad7 33. Nf3 f6 34. g3 Nc5 35. Ke2 Nb3 36. Rb1 a4 37. Ke1 g5 38. h5 Nd2 39. Nxd2 Rxd2 40. g4 Kf7 41. Re2 R2d3 42. Re3 R3d7 43. f3 c5 44. Kf2 b4 45. axb4 cxb4 46. Ra1 Rd2+ 47. Re2 bxc3 48. bxc3 Rxe2+ 49. Kxe2 Ra8 50. Ra3 Ke6 51. c4 Kd6 52. Kd3 Kc5 53. Kc3 Ra7 54. Ra1 a3 55. Kb3 a2 56. Rxa2 Rxa2 57. Kxa2 Kxc4 0-1

[Event "RUS-chT U20"]
[Site "Kaliningrad"]
[Date "2013.08.08"]
[Round "7"]
[White "Morozov, Andrey1111"]
[Black "Makarova, Darya"]
[Result "1-0"]
[WhiteElo "1815"]
[BlackElo "1788"]
[PlyCount "71"]
[EventDate "2013.08.02"]
[EventType "team-swiss"]
[EventRounds "9"]
[EventCountry "RUS"]
[SourceTitle "EXT 2018"]
[Source "ChessBase"]
[SourceDate "2017.10.13"]
[SourceVersion "1"]
[SourceVersionDate "2017.10.13"]
[SourceQuality "1"]

1. e4 e5 2. Nf3 Nc6 3. Bb5 Nf6 4. 0-0 Bc5 5. Nxe5 Nxe5 6. d4 a6 7. Ba4 0-0 8. dxc5 Qe7 9. Qd4 Nc6 10. Bxc6 dxc6 11. f3 Rd8 12. Qc3 Be6 13. Bg5 h6 14. Bxf6 gxf6 15. Qe3 Bc4 16. Re1 Rd7 17. Nc3 Rad8 18. b3 Be6 19. f4 Rd2 20. f5 Bc8 21. Nd5 cxd5 22. Qxd2 dxe4 23. Rxe4 Rxd2 24. Rxe7 Bxf5 25. Rf1 Bg6 26. Rxf6 Rxc2 27. Rxc7 Rc1+ 28. Kf2 Rc2+ 29. Kg3 Rc3+ 30. Rf3 Rc2 31. Re3 Bf5 32. b4 Rxa2 33. Rxb7 Be6 34. Rxe6 fxe6 35. c6 Rc2 36. c7 1-0

[Event "RUS-chT U20"]
[Site "Kaliningrad"]
[Date "2013.08.02"]
[Round "1"]
[White "Zenzera, Alexey"]
[Black "Makarova, Darya"]
[Result "1-0"]
[WhiteElo "2420"]
[BlackElo "1788"]
[PlyCount "73"]
[EventDate "2013.08.02"]
[EventType "team-swiss"]
[EventRounds "9"]
[EventCountry "RUS"]
[SourceTitle "EXT 2018"]
[Source "ChessBase"]
[SourceDate "2017.10.13"]
[SourceVersion "1"]
[SourceVersionDate "2017.10.13"]
[SourceQuality "1"]

1. Nf3 d5 2. g3 c5 3. Bg2 Nf6 4. 0-0 e6 5. b3 Be7 6. Bb2 0-0 7. c4 b6 8. d4 Bb7 9. cxd5 Bxd5 10. dxc5 Bxc5 11. Nc3 Nbd7 12. Nxd5 Nxd5 13. e4 N5f6 14. Qe2 Rc8 15. Nd4 e5 16. Nf5 g6 17. Nh6+ Kg7 18. Ng4 Nxg4 19. Qxg4 Bd4 20. Rad1 Nf6 21. Qe2 Re8 22. Rd3 Qd7 23. Rfd1 Qb5 24. a4 Qb4 25. Bxd4 exd4 26. e5 Ng8 27. f4 Rc3 28. Rxd4 Qxb3 29. Qb5 Rec8 30. Qxb3 Rxb3 31. Rd7 Kf8 32. Bd5 Rb2 33. Rxf7+ Ke8 34. Rxh7 Kf8 35. Be6 Rb8 36. Rdd7 Rc2 37. Rh8 1-0

[Event "Moscow op (Women)"]
[Site "Moscow"]
[Date "2012.01.31"]
[Round "4"]
[White "Makarova, Darya"]
[Black "Diakonova, Ekaterina"]
[Result "0-1"]
[WhiteElo "1689"]
[BlackElo "1927"]
[PlyCount "110"]
[EventDate "2012.01.28"]
[EventType "swiss"]
[EventRounds "9"]
[EventCountry "RUS"]
[SourceTitle "CBM 146 Extra"]
[Source "ChessBase"]
[SourceDate "2012.02.29"]
[SourceVersion "1"]
[SourceVersionDate "2012.02.29"]
[SourceQuality "1"]

1. d4 Nf6 2. Nf3 c5 3. e3 g6 4. dxc5 Bg7 5. Nbd2 0-0 6. Bd3 Na6 7. c3 Nxc5 8. Bc2 d5 9. 0-0 Qc7 10. Re1 Rd8 11. Qe2 e5 12. e4 d4 13. cxd4 exd4 14. Bd3 Ng4 15. h3 Ne5 16. Nxe5 Bxe5 17. Nf3 Bg7 18. Bg5 Re8 19. Bb5 Rxe4 20. Qd2 Bf5 21. Qb4 Qb6 22. Rxe4 Nxe4 23. a3 Nxg5 24. Nxg5 Qf6 25. Nf3 Bxh3 26. Be2 Bf5 27. Qxb7 Re8 28. Qb5 Rd8 29. Bd3 Bxd3 30. Qxd3 h5 31. g3 Rd5 32. Rc1 Qf5 33. Qxf5 Rxf5 34. Kg2 d3 35. Rc8+ Kh7 36. Rd8 Bxb2 37. Rxd3 Ra5 38. Rd7 Kg7 39. Rb7 Bxa3 40. Nd4 a6 41. Ra7 Bd6 42. Nc6 Ra2 43. Nd8 Rxf2+ 44. Kxf2 Bc5+ 45. Kf3 Bxa7 46. Nc6 Bc5 47. g4 hxg4+ 48. Kxg4 Kf6 49. Nb8 Ke6 50. Nc6 Bb6 51. Nb4 a5 52. Na2 Ke5 53. Nc3 Bd4 54. Na2 Bb2 55. Kf3 Kd4 0-1

[Event "Moscow op (Women)"]
[Site "Moscow"]
[Date "2012.01.28"]
[Round "1"]
[White "Nikitina, Elena"]
[Black "Makarova, Darya"]
[Result "1-0"]
[WhiteElo "2104"]
[BlackElo "1689"]
[PlyCount "79"]
[EventDate "2012.01.28"]
[EventType "swiss"]
[EventRounds "9"]
[EventCountry "RUS"]
[SourceTitle "CBM 146 Extra"]
[Source "ChessBase"]
[SourceDate "2012.02.29"]
[SourceVersion "1"]
[SourceVersionDate "2012.02.29"]
[SourceQuality "1"]

1. d4 d5 2. Nf3 Nf6 3. e3 e6 4. Bd3 c5 5. c3 b6 6. Ne5 Bd6 7. 0-0 0-0 8. Nd2 Nbd7 9. f4 Bb7 10. Qe2 a5 11. a4 Ne4 12. Nxe4 dxe4 13. Bb5 Nf6 14. Rd1 Qc7 15. Bd2 Rfd8 16. Rac1 Rac8 17. b4 axb4 18. cxb4 Qe7 19. bxc5 bxc5 20. Ba5 Bc7 21. Bxc7 Rxc7 22. dxc5 Rxd1+ 23. Qxd1 Nd5 24. c6 Ba8 25. Qd2 Qa3 26. Kf2 f6 27. Nc4 Qc5 28. Nb2 Qb6 29. f5 Kf7 30. Nc4 Qa7 31. Nd6+ Ke7 32. Nxe4 Nb6 33. Qd6+ Ke8 34. Qxe6+ Kf8 35. Rd1 Rc8 36. Nd6 Rd8 37. a5 Nc8 38. Nxc8 Qc7 39. Rxd8+ Qxd8 40. Nd6 1-0